01035nam a2200241Ia 4500001000900000003001000009008004100019040002500060041001300085100003700098245002600135250001100161260004200172300001200214500010600226501011400332520010600446650002900552942000700581957000600588999004100594952015800635L099-502IT-CnALBA170116s9999||||xx |||||||||||||| ||und|| aIT-CnALBAcIT-CnALBA aITALIANO aPICCOLOMINI ENEA SILVIO (PIO II) 0aSTORIA DI DUE AMANTI  a1a ed. bEDOARDO PERINO'c1891 [1° Ed.: n.d.] a123 p.  aAMANTI. LETTERE. EURIALO E LUCREZIA. CATALOGO DELLE EDIZIONI DEL DOCUMENTO, IN LATINO E IN ITALIANO.  aSocietà San Paolo EM - Piazza San Paolo, 14 - 12051 ALBA (CN) (non commercial uses only) ® Copyright 2017 aAMANTI. LETTERE. EURIALO E LUCREZIA. CATALOGO DELLE EDIZIONI DEL DOCUMENTO, IN LATINO E IN ITALIANO.  aLIBRI DI PICCOLO FORMATO cBK 71 a601bSI g Copie: 1 c259738d259738 0010406L_09950271aALBAbALBAd2017-01-16l0oL099-502r2017-01-16 00:00:00w2017-01-16yBKz(data import: 16 gennaio 2017) - By Epidotti, Vaglietti.